000 00560nam a2200217Ia 4500
008 101110s9999 xx 000 0 und d
041 _aENGLISH
082 _bSR33706
100 _aMithani D.M., Iyes V.P.
245 _aBusiness economics paper - II SYBCom
260 _c2009
_bSheth pub, Mumbai
300 _a250
365 _b100
520 _aEconomics
546 _aENGLISH
630 _aBusiness economics paper - II SYBCom
650 _aEconomics
655 _aEconomics
730 _aBusiness economics paper - II SYBCom
942 _cBOOK
999 _c826207
_d826204